000 01310nam a2200241 a 4500
001 47458
003 BD-RjUL
005 20211209054322.0
008 160808s2003 bg ||||| |||| 00| 0 ben d
020 _a9843207602
_c: Tk.130.00
035 _a(BD-RjUL)47577
040 _aBD-RjUL
_bben
_cBD-RjUL
_dBD-RjUL
041 _aben
082 _223
_a371.3095492
_bISB 2003
100 _aইসলাম, এ. কে. এম. আজহারুল
_9116971
245 1 0 _aবাংলাদেশ স্কুল ও মাদ্‌রাসা শিক্ষানীতি ও পাঠ্যক্রম :
_b(মক্কা ঘোষণার আলোকে মূল্যায়ন) /
_cএ. কে. এম. আজহারুল ইসলাম, মুহাম্মদ হাবীবুর রহমান
260 _aকেম্ব্রীজ :
_bদি ইসলামিক একাডেমী,
_c২০০৩.
300 _axiii, ২৩৫ পৃ. :
_bচিত্র ;
_c২৬ সেমি.
650 _aনির্দেশনা ও অধ্যয়নের পদ্ধতি
_9144327
_zবাংলাদেশ
650 _aMethods of instruction and study
_9135745
_zBangladesh
700 _aরহমান, মুহাম্মদ হাবীবুর
_9144328
942 _2ddc
_cBK
999 _c47458
_d47458